| 000 | 00365 a2200157 4500 | ||
|---|---|---|---|
| 001 | 75254 | ||
| 020 | _a978850887112 | ||
| 040 | _cAnchieta - Colégio São Paulo | ||
| 100 | _aAzevado, Ricardo | ||
| 240 | 1 | 0 |
_aContos de enganar a morte _lpor |
| 245 | 1 | 0 | _aContos de enganar a morte |
| 300 | _a61 | ||
| 362 | 0 | _a2003 | |
| 650 | 4 | _aLiteratura juvenil | |
| 942 | _cBK | ||
| 999 |
_c75254 _d75254 |
||